[Event "Landesliga U20 Nord 1112"]
[Site "Bayern"]
[Date "2011.11.12"]
[Round "1.4"]
[White "Buck, Andreas"]
[Black "Myagkov, Kirill"]
[Result "1/2-1/2"]
[WhiteElo "1335"]
[BlackElo "1757"]
[PlyCount "131"]
[EventDate "2011.11.12"]
[EventType "team-tourn"]
[EventRounds "7"]
[EventCountry "GER"]
[SourceTitle "EXT 2022"]
[Source "ChessBase"]
[SourceDate "2021.10.06"]
[SourceVersion "1"]
[SourceVersionDate "2021.10.06"]
[SourceQuality "1"]
[WhiteTeam "Puschendorf U20"]
[BlackTeam "Nuernberg NT U20"]
[WhiteTeamCountry "GER"]
[BlackTeamCountry "GER"]

1. e4 d5 2. exd5 Qxd5 3. Nf3 Bg4 4. Be2 e6 5. Nc3 Qa5 6. a3 Bd6 7. d4 Nf6 8. Bg5 c6 9. Bxf6 gxf6 10. Qd2 Qf5 11. Bd3 Qf4 12. Qxf4 Bxf4 13. Nd2 Nd7 14. f3 Bh5 15. 0-0-0 Be3 16. Nce4 Bxd4 17. Nd6+ Ke7 18. Nxb7 Rhb8 19. Ba6 Bxb2+ 20. Kxb2 Nc5 21. Bc4 Rxb7+ 22. Kc1 Rd8 23. Nb3 Nxb3+ 24. Bxb3 Rbd7 25. Rxd7+ Rxd7 26. Ba4 Rd6 27. Rd1 e5 28. Rxd6 Kxd6 29. Kd2 f5 30. Ke3 f6 31. c3 f4+ 32. Kd3 Kc5 33. Bb3 Bg6+ 34. Kd2 f5 35. g3 fxg3 36. hxg3 Bh5 37. Be6 Bxf3 38. Bxf5 h6 39. Ke3 Bd5 40. Bd3 e4 41. Be2 Bc4 42. Bh5 Bd3 43. Bf7 Kb6 44. Bb3 a5 45. Be6 Kb5 46. Bb3 c5 47. Kf4 a4 48. Bd5 Bb1 49. Ke3 Bc2 50. c4+ Kb6 51. Bxe4 Bb3 52. Bd5 Kc7 53. Kf4 Kd6 54. Kf5 Bc2+ 55. Kf6 Bd1 56. Kg6 h5 57. Kf6 Be2 58. Bf7 Bg4 59. Kg5 Be2 60. Be8 Bxc4 61. Bxa4 Be2 62. Bc2 c4 63. Kf4 Kc5 64. Ke3 Bg4 65. Bg6 Bd1 66. Bf5 1/2-1/2

[Event "Nuremberg LGA Cup 3rd"]
[Site "Nuremberg"]
[Date "2006.09.07"]
[Round "1.77"]
[White "Woerl, Richard"]
[Black "Buck, Andreas"]
[Result "1-0"]
[WhiteElo "2051"]
[BlackElo "1220"]
[PlyCount "125"]
[EventDate "2006.09.07"]
[EventType "swiss"]
[EventRounds "7"]
[EventCountry "GER"]
[SourceTitle "EXT 2022"]
[Source "ChessBase"]
[SourceDate "2021.10.06"]
[SourceVersion "1"]
[SourceVersionDate "2021.10.06"]
[SourceQuality "1"]

1. e4 e6 2. d4 d5 3. exd5 exd5 4. Bd3 c5 5. Qe2+ Be6 6. Nf3 Nc6 7. c3 Nf6 8. 0-0 c4 9. Bf5 Qc8 10. Ng5 Nd8 11. Re1 Be7 12. Bxe6 fxe6 13. Nxe6 Nxe6 14. Qxe6 Qxe6 15. Rxe6 Kd7 16. Re2 Rae8 17. Bg5 Bd8 18. Rxe8 Rxe8 19. Kf1 Ng4 20. Bf4 g5 21. Bg3 h5 22. h3 h4 23. Bb8 Kc8 24. hxg4 Kxb8 25. Nd2 Kc7 26. Re1 Rxe1+ 27. Kxe1 Kd6 28. Ke2 Ke6 29. Ke3 Bc7 30. Nf1 b5 31. Kf3 Bf4 32. Ne3 a6 33. Ke2 Kd6 34. Kd2 a5 35. Kc2 a4 36. Nf1 Ke6 37. Nd2 Kf6 38. Nb1 Bd6 39. Na3 b4 40. cxb4 Bxb4 41. Nb5 Ke6 42. a3 Be1 43. f3 Bf2 44. Kd2 Kd7 45. Ke2 Bg1 46. f4 gxf4 47. Kf3 Kc6 48. Nc3 Bxd4 49. Kxf4 Kd6 50. Nb5+ Kc5 51. Nxd4 Kxd4 52. g5 c3 53. bxc3+ Kxc3 54. g6 h3 55. gxh3 d4 56. g7 d3 57. g8Q d2 58. Qc8+ Kb2 59. Qd7 Kxa3 60. Qxd2 Kb3 61. Qd5+ Kb4 62. Ke4 a3 63. Kd4 1-0

[Event "Nuremberg LGA Cup 2nd"]
[Site "Nuremberg"]
[Date "2005.09.11"]
[Round "7.73"]
[White "Hirschberg, Leander"]
[Black "Buck, Andreas"]
[Result "0-1"]
[WhiteElo "1100"]
[BlackElo "1123"]
[PlyCount "80"]
[EventDate "2005.09.08"]
[EventType "swiss"]
[EventRounds "7"]
[EventCountry "GER"]
[SourceTitle "EXT 2022"]
[Source "ChessBase"]
[SourceDate "2021.10.06"]
[SourceVersion "1"]
[SourceVersionDate "2021.10.06"]
[SourceQuality "1"]

1. e4 e6 2. d4 d5 3. Nc3 dxe4 4. Nxe4 Bd7 5. d5 exd5 6. Qxd5 Qe7 7. Be2 Bc6 8. Bg5 Bxd5 9. Bxe7 Bxe7 10. Bd3 Nc6 11. Nc3 Bxg2 12. Nf3 Bxh1 13. Nd2 Nf6 14. Nb5 0-0 15. 0-0-0 Bd5 16. Nxc7 Rac8 17. Nb5 a6 18. Nc3 Bb4 19. Re1 Bxc3 20. bxc3 Rfe8 21. Rd1 Bxa2 22. Nf3 Rcd8 23. Kb2 Bd5 24. Rb1 Bxf3 25. Kc1 Re1+ 26. Kb2 Rxb1+ 27. Kxb1 Ng4 28. h4 Nxf2 29. Kb2 Nxd3+ 30. cxd3 Rxd3 31. Kc2 Be4 32. Kb2 f5 33. Kc2 f4 34. h5 f3 35. h6 gxh6 36. c4 f2 37. c5 f1Q 38. Kb2 Qd1 39. Ka2 Qb3+ 40. Ka1 Rd1# 0-1

[Event "Nuremberg LGA Cup 2nd"]
[Site "Nuremberg"]
[Date "2005.09.10"]
[Round "4.72"]
[White "Buck, Andreas"]
[Black "Dreiseitel, Werner"]
[Result "1/2-1/2"]
[WhiteElo "1123"]
[BlackElo "1329"]
[PlyCount "81"]
[EventDate "2005.09.08"]
[EventType "swiss"]
[EventRounds "7"]
[EventCountry "GER"]
[SourceTitle "EXT 2022"]
[Source "ChessBase"]
[SourceDate "2021.10.06"]
[SourceVersion "1"]
[SourceVersionDate "2021.10.06"]
[SourceQuality "1"]

1. e4 c6 2. d4 d5 3. e5 Bf5 4. Nf3 e6 5. Nc3 Nd7 6. Bd3 Bxd3 7. Qxd3 c5 8. dxc5 Bxc5 9. Be3 Bxe3 10. Qxe3 Ne7 11. g4 Ng6 12. h4 Qc7 13. Nb5 Qa5+ 14. Nc3 Qb4 15. 0-0-0 Qf4 16. Qxf4 Nxf4 17. Rd4 Ng6 18. Re1 a6 19. g5 0-0-0 20. Re3 Ne7 21. Na4 b5 22. Rc3+ Kb7 23. Nc5+ Nxc5 24. Rxc5 Rc8 25. Rxc8 Rxc8 26. Rf4 Nf5 27. Nd4 Nxd4 28. Rxd4 Rc4 29. c3 Kc6 30. Kc2 Rxd4 31. cxd4 b4 32. Kb3 Kb5 33. a4+ bxa3 34. bxa3 Kb6 35. Ka4 h6 36. gxh6 gxh6 37. f3 h5 38. f4 a5 39. Kb3 Ka6 40. Kc3 Kb5 41. Kb3 1/2-1/2